00243nam a2200109Ia 4500008004100000100001600041245002100057260001700078260000900095546001200104999001700116170619s9999 xx 000 0 und d aKrishna C M 0aReal Time System bMc Graw Hill c1997 aENGLISH c17412d17412